|
|
|
|
| LEADER |
00000nab a2200000 a 4500 |
| 001 |
vtls000731120 |
| 003 |
SK-MaSNL |
| 005 |
20260304142939.0 |
| 008 |
250505c1999 xo 0 slo |
| 015 |
|
|
|a SNBRB2000/09-21519
|
| 035 |
|
|
|a CLN000083244
|
| 035 |
|
|
|a (urnnbn)urn:nbn:sk:snk:ar-a085ow
|
| 035 |
|
|
|a (uuid)9fb89339-40ed-4f01-911e-1f4c0a8a7927
|
| 035 |
|
|
|a urn:nbn:sk:snk-ab8daz
|
| 040 |
|
|
|a SNKBUCL
|b slo
|c SNKBUCL
|e AACR2
|
| 041 |
0 |
|
|a slo
|
| 044 |
|
|
|a xo
|c SK
|
| 080 |
|
|
|a 940.53
|x (048)
|2 1981
|
| 100 |
1 |
|
|a Klubert, Tomáš,
|d 1972-
|4 aut
|9 242849
|
| 245 |
1 |
0 |
|a Irving, D.: Norimberk - poslední bitva
|c T. Klubert
|
| 648 |
|
7 |
|a 20. stor., 40. r.
|2 snkbucl
|9 771010
|
| 650 |
0 |
7 |
|a norimberský proces (1945-1946 : Norimberg, Nemecko)
|2 snkbucl
|9 4481
|
| 650 |
0 |
7 |
|a monografie
|2 snkbucl
|9 256509
|
| 650 |
0 |
7 |
|a vojnové zločiny
|2 snkbucl
|9 4460
|
| 655 |
|
7 |
|a recenzie
|2 snkbucl
|9 21907
|
| 773 |
0 |
|
|t Vojenská história
|g Roč. 3, č. 4 (1999), s. 150-151
|x 1335-3314
|
| 787 |
0 |
8 |
|i Rec.:
|a Irving, David
|t Norimberk
|d Praha, 1997
|
| 850 |
|
|
|a Slovenská národná knižnica
|
| 852 |
|
|
|a Slovenská národná knižnica
|
| 954 |
|
|
|a odborná, vedecká literatúra pôvodná (slovenská)
|2 lita
|
| 958 |
|
|
|a article9
|
| 958 |
|
|
|a DE
|
| 958 |
|
|
|a RC
|
| 958 |
|
|
|a CZ
|
| 958 |
|
|
|a GB
|
| 958 |
|
|
|a OND
|
| 958 |
|
|
|a EUIPO
|
| 999 |
|
|
|c 2923846
|d 2925776
|